| 000 | 00375cam a2200133ua 4500 | ||
|---|---|---|---|
| 082 |
_a335 _bSMO/SO |
||
| 100 |
_aSmolyarchuk, V . _91738 |
||
| 245 | _aSocialist Thozhil, Civil, Criminal Niyamangalude Rooparekha / | ||
| 260 |
_aThrissur : _bCurrent Books , _c1967. |
||
| 300 | _a199 ; . | ||
| 700 | 1 |
_aBorovikov, N . _91739 |
|
| 700 | 1 |
_aZagorodnikov, N . _91740 |
|
| 942 | _cBK | ||
| 999 |
_c6168 _d6168 |
||